00706nam a22001697a 450000500170000001000130001702000260003003500110005603700130006708200120008010000830009224501260017524600740030126000520037527000870042730000220051420190617122237.0 aUR-10206 c200.00a9789388105033 aU-8761 bDBAD/PUB a841.420 aا نصا ر ی محمد و حيد ا للہ ہند ی گو ر کھپو ر ی  aکليا ت ہند ی گو ر کھپو ر ی cنصا ر ی محمد و حيد ا للہ ہند ی گو ر کھپو ر ی bKulliyat-e-Hindi(Urdu)aComp.and Ed. by Saleem Ahmed/Samina Adeeb Zia a DelhibEducational Publishing Housec2018 ء  a3191،Vakil Street,Kucha Pandit,Lal Kuan,bDelhie110006k23216162l00911123211540 a408 صc22 Cm(Hb)